LEADER 00906nam a2200229 4500 001 000000337556 003 CaOOAMICUS 005 20220421151138.0 008 191028s1981 it 000 u ita r 040 $aSeMil$bita 100 1 $aGuevara Lynch, Ernesto,$d<1900-1987>.$0(OLS)http://semarc/name/110419 245 10$aMio figlio il Che /$cErnesto Guevara Lynch. 264 1$aRoma :$bEditori Riuniti,$c1981. 300 $a344 p. ;$c22 cm 490 1 $aBiografie ;$v10 600 14$aGuevara, Ernesto .$0(OLS)http://semarc/subject/9961 830 0$aBiografie ;$v10.$0(OLS)http://semarc/title/5544 850 $aSeMil 852 $aSeMil$W1$xVenegono$y1$m3V II 313$j219061$B230851$CSeMilBibl$Z2$F230851 $81 996 $6245$aMio figlio il Che$9(OLS)http://semarc/title/426529 996 $6264$aRoma :$bEditori Riuniti$9(OLS)http://semarc/publisher/30240 LEADER 01134nam a2200229 i 4500 001 000000182240 003 CaOOAMICUS 005 20091016000000.0 008 091016s1919 it u000 u fre u 013 $a160179 040 $aSeMil$bita 100 1 $aFredegand : d'Anvers.$0(OLS)http://semarc/name/67188 245 10$aÉtude sur le père Charles d'Arenberg frère-mineur capucin (1593-1669) /$cpar le P. Frédégand d'Anvers ; Lettre-Préface de J. van den Heuvel. 260 $aParis :$bLibrairie Saint-François,$c1919. 300 $aXXXI, 375 p. ;$c24 cm. 500 $aIn testa al front : La vie religieuse et familiale en Belgique au 17. siècle. 600 14$aArenberg, Charles : d' .$0(OLS)http://semarc/subject/34505 700 1 $aHeuvel, Jan : van den.$0(OLS)http://semarc/name/48088 850 $aSeMil 852 $aSeMil$W1$xVenegono$y1$m3D IV 40$j132944$B132944$CSeMilBibl$Z2$F144739 $81 996 $6245$aÉtude sur le père Charles d'Arenberg frère-mineur capucin (1593-1669)$9(OLS)http://semarc/title/261535 996 $6260$aParis :$bLibrairie Saint-François$9(OLS)http://semarc/publisher/42680